• 首页
  • 本馆介绍
  • 公告通知
  • 最新文献
  • 馆藏检索
  • 电子资源
  • 读者导购
  • 参考咨询
  • 我的图书馆
  • 登录
  • 详细信息显示
  • 放入我的书架
  • 预约/预借图书
  • 作者相关作品
  • 分类相关作品
  • 丛书相关作品
  • 出版社相关作品

书目信息

  • 表格格式
  • 工作单格式
  • 卡片格式
题名:
英语阅读教程(第三,四册)学习辅导书
    
 
作者: 贺慧声
分册:  
出版信息: 北京   高等教育出版社  1992.02
页数: 305页
开本: 24cm
丛书名:
单 册:
中图分类: H450
科图分类:
主题词: 汉藏语系
电子资源:
ISBN: 7-04-004101-4
000 00596nam0 2200181 450
001 202410162391703812
005 20241016094413.65
010    @a7-04-004101-4@dCNY10.20
100    @a20241016d km y0chiy0120 ea
101 0  @achi
200 1  @a英语阅读教程(第三,四册)学习辅导书@AYing Yu Yue Du Jiao Cheng(Di San,Si Ce)Xue Xi Fu Dao Shu@f贺慧声@FHe Hui Sheng
210    @a北京@c高等教育出版社@d1992.02
215    @a305页@d24cm
606 0  @a汉藏语系
690    @aH450@v4
701  0 @a贺慧声@AHe Hui Sheng
801  0 @aCN@b大连网信软件有限公司图书馆·11@c20241016
905    @aZUCC@b1422646@dH450@e50:2@f1
    
    英语阅读教程(第三,四册)学习辅导书/贺慧声.-北京:高等教育出版社,1992.02
    305页;24cm
    
    
    ISBN 7-04-004101-4:CNY10.20
    
●
相关链接 在E读中查询图书 在五车中查询图书 在当当中查询图书 在豆瓣中查询图书


正题名:英语阅读教程(第三,四册)学习辅导书     索取号:H450/50:2         预约/预借

序号 登录号 条形码 馆藏地/架位号 状态 备注
1 1422646   214226461   密集书库—外国语学院/ [索取号:H450/50:2] 在馆    
唐山师范学院图书馆 欢迎您!
大连网信软件有限公司© 版权所有